Mount Aspiring National Park Huts - Statistics

General Stats
  • This quiz has been taken 3 times
  • The average score is 8 of 19
Answer Stats
Answer % Correct
French Ridge Hut
100%
Liverpool Hut
100%
Aspiring Hut
50%
Brewster Hut
50%
Colin Todd Hut
50%
Daleys Flat Hut
50%
Dart Hut
50%
Esquilant Bivvy Hut
50%
Routeburn Falls Hut
50%
Routeburn Flats Hut
50%
Shelter Rock Hut
50%
Siberia Hut
50%
Wills Hut
50%
Young Hut
50%
Cameron Hut
0%
Earnslaw Hut
0%
Kerin Forks Hut
0%
Makarora Hut
0%
Top Forks Hut
0%
No matching quizzes found
Score Distribution
Percent of People with Each Score
Percentile by Number Answered
Your Score History
You have not taken this quiz